00494nam a2200193Ia 4500003000400000005001700004008004100021020001800062040001800080041000800098082001700106100002100123245004300144260004200187300001600229700002200245700001600267700001700283OSt20240422112944.0210427s2019 xx 000 0 und d a9788126585410 cAIMIT LIBRARY aeng a005.276 KOVA aKovalevych, Alex aKong:bbecoming a king of API gateways aNew Delhi :bDreamtech Press ,c2019. axii,177 p.; aBuchanan, RTobert aLee, Daniel aMooy, Chelsy